Chiến tranh Việt Nam là thế đó : 1965-1973 /
History of the Vietnamese conflicts, 1965-1973.
Saved in:
| Other Authors: | , , |
|---|---|
| Format: | Book |
| Language: | Vietnamese Russian |
| Published: |
Hà Nội :
Nhà xuất bản Chính trị quốc gia,
2008.
|
| Subjects: | |
| Tags: |
Add Tag
No Tags, Be the first to tag this record!
|
| LEADER | 01275cam a22003134a 4500 | ||
|---|---|---|---|
| 001 | 011977347-3 | ||
| 005 | 20100122145848.0 | ||
| 008 | 080527s2008 vm af b f000 0 vie c | ||
| 010 | |a 2009335190 | ||
| 035 | 0 | |a ocn244417978 | |
| 040 | |a COO |c COO |d DLC |d CUI |d HMY | ||
| 041 | 1 | |a vie |h rus | |
| 042 | |a pcc | ||
| 043 | |a a-vt--- |a e-ur--- | ||
| 050 | 4 | |a DS558.6.S65 |b V65 2008 | |
| 130 | 0 | |a Voĭna vo Vʹetname--. |l Vietnamese. | |
| 245 | 1 | 0 | |a Chiến tranh Việt Nam là thế đó : |b 1965-1973 / |c Hội đồng biên tập, E.P. Gladunốp ... [et al.] ; [dịch giả, Đào Tấn Anh, Nguyễn Đăng Nguyên]. |
| 260 | |a Hà Nội : |b Nhà xuất bản Chính trị quốc gia, |c 2008. | ||
| 300 | |a 757 p., [12] p. of plates : |b ill. ; |c 21 cm. | ||
| 520 | |a History of the Vietnamese conflicts, 1965-1973. | ||
| 650 | 0 | |a Vietnam War, 1961-1975 |x Personal narratives, Soviet. | |
| 655 | 7 | |a Personal narratives |v Soviet. |2 fast | |
| 700 | 1 | |a Glazunov, E. P. | |
| 700 | 1 | |a Đào, Tấn Anh. | |
| 700 | 1 | |a Nguyễn, Đăng Nguyên. | |
| 776 | 0 | 8 | |i Online version: |a Voĭna vo Vʹetname--. Vietnamese. |t Chiến tranh Việt Nam là thế đó |d Hà Nội : Nhà xuất bản Chính trị quốc gia, 2008 |w (OCoLC)951187758 |
| 988 | |a 20090519 | ||
| 049 | |a HMYV |o d | ||
| 906 | |0 OCLC | ||


